8 mots dans mots : tif (mort subite) - Statistiques

Statistiques générales
  • Ce quiz a été pris 43 fois
  • Le résultat moyen est 7 sur 8
Answers on the Grid
Answers color-coded by a green-red scale on the quiz's grid according to % correct below.
Mu---onctionnel
Assurances - ---dits
In---menter
Démys---icatrice
Saint-sa---ment
Ar---iciellement
Hypersé---tion
Anti-scien---iques
Sanc---ication
Ac---diter
Autojus---ication
Re---user
Authen---ier
indis---tement
Se---tariat-greffe
Radio-iden---ication
 
Statistiques - réponses
Réponse % Correct
Ar---iciellement
98%
Autojus---ication
88%
Radio-iden---ication
88%
Sanc---ication
88%
Anti-scien---iques
85%
Authen---ier
85%
Démys---icatrice
83%
Mu---onctionnel
55%
Aucun quiz correspondant
Distribution des résultats
% des personnes avec chaque résultat
Percentile par nombre de réponses
Votre historique - résultats
Vous n’avez pas pris ce quiz